Quiz des premiers pays producteurs - Statistiques

Statistiques générales
  • Ce quiz a été pris 431 fois
  • Le résultat moyen est 6 sur 22
Statistiques - réponses
Produit Premier pays producteur % Correct
Café Brésil
87%
Sirop d'érable Canada
73%
Maïs États-Unis
62%
Vin Italie
59%
Charbon Chine
53%
Huile d'olive Espagne
47%
Avocats Mexique
37%
Fèves de cacao Côte d'Ivoire
29%
Pavot Afghanistan
24%
Dattes Égypte
24%
Cobalt R.D. Congo
22%
Laine Australie
20%
Quinoa Pérou
16%
Uranium Kazakhstan
15%
Mangues Inde
13%
Liège Portugal
13%
Diamants Russie
13%
Abricots Turquie
12%
Cannelle Indonésie
7%
Cuivre Chili
5%
Caoutchouc Thaïlande
5%
Ignames Nigeria
4%
Aucun quiz correspondant
Distribution des résultats
% des personnes avec chaque résultat
Percentile par nombre de réponses
Votre historique - résultats
Vous n’avez pas pris ce quiz